=LDR 00000nam 2200000 4500 =001 NUTBA000000000002765 =005 20140627153222.0 =006 =007 =008 =020 ##$$a 979-979-29-2227-1 =035 ##$$a 0010-061400000000708 =040 ##$$a NBPDMAT =082 ##$$a 641.658 =090 ##$$a 641.658 $b Ara t =100 ##$$a Ara Rossi =245 ##$$a 70 kreasi masakan jamur pilihan / Ara Rossi ; editor, Nina Kenyar =260 ##$$a Yogyakarta : $b Gramedia, $c 2011 =300 ##$$a 157 hlm. : $b ilus. ; $c 21 cm. =650 ##$$a Jamur masakan =990 ##$$a 21402017